| 000 | 01026ntm a2200253 a 4500 | ||
|---|---|---|---|
| 001 | 75825 | ||
| 003 | BD-RjUL | ||
| 005 | 20211209082742.0 | ||
| 008 | 190718s2018 bg a|||| bm|| 00| 0 eng d | ||
| 035 | _a(BD-RjUL)76044 | ||
| 040 |
_aBD-RjUL _beng _cBD-RjUL _dBD-RjUL |
||
| 041 | _aeng | ||
| 082 |
_223 _a305.420954924 _bNAO 2018 |
||
| 100 | 1 |
_aNazneen _95475 |
|
| 245 | 1 | 0 |
_aOpportunities and Problems of Women Working with Educational Institutes in Rajshahi city / _cby Nazneen ; _6Supervisor: Mustafa Kamal Akand |
| 260 |
_aRajshahi : _bInstitute of Education and Research (IER), University of Rajshahi, _c2018 |
||
| 300 |
_axix, 234 leaves : _bIll. ; _c29 cm. |
||
| 502 | _aThesis (Ph. D.) -- Institute of Education and Research (IER), University of Rajshahi, 2018 | ||
| 504 | _aReferences: Leaves 223-234 | ||
| 650 |
_aWomen _xEmployment _zBangladesh _zRajshahi city _9232405 |
||
| 650 |
_aWomen _xEducation _zBangladesh _zRajshahi city _9232406 |
||
| 700 |
_aAkand, Mustafa Kamal, Supervisor _9232407 |
||
| 942 |
_2ddc _cTHE |
||
| 999 |
_c75825 _d75825 |
||